1533 1173 1685 1369 1934 1141 1490 1510 1718 1656 1300 1004 1632 1088 1703 1779 1344 1771 1571 1525 1708 1148 1669 1052 1235 1011 1373 1717 1446 1202 1295 1386 1934 1669 1296 1007 1862 1202 1815 1918 1962 1584 1945 1339 1106 1540 1523 1040 1082 1961 1904 1383 1123 1296 1839 1988 1141 1135 1873 1477 1016 1380 1942 1997 1130 1402 1925 1800 1370 1986 1308 1009 1545 1536 1620 1396 1028 1177 1197 1995 1130 1362 1182 1103 1257 1762 1062 1015 1916 1023 1564 1172 1197 1563 1523 1723 1955 1709 1246 BCNSPRNW ULIB Ver.6.0+V

เปลี่ยนเป็นภาษาไทย

Change to English
 แสดงรายละเอียดบรรณานุกรม
  กลับหน้าหลัก

Brief Record : Get Marc (ISO 2709) : E-mail record : QR code < ปิดหน้าต่าง
LEADER : 00000nam 2200000uu 4500
001    13399108396
003     ULIB
008    110302s2552||||th 000 0 tha d
020    9789749432860
060 04 WY100^bฟ155ก
100 0  ฟองคำ ติลกสกุลชัย
245 10 การปฏิบัติการพยาบาลตามหลักฐานเชิงประจักษ์ :^bหลักการและวิธีปฎิบัติ = Evidence-based nursing : principle and method /^cฟองคำ ติลกสกุลชัย
246 31 Evidence-based practice :^bprinciple and method
250    พิมพ์ครั้งที่ 5
260    กรุงเทพฯ :^bคณะพยาบาลศาสตร์ มหาวิทยาลัยมหิดล,^c2552
300    181 หน้า ;^c21 ซม.
650  7 การพยาบาล
650  7 การพยาบาลเวชปฏิบัติ
650  7 การพยาบาล, การบริการ
650  7 การพยาบาล^xวิจัย
650  7 วิจัย
710 2  มหาวิทยาลัยมหิดล. ^bคณะพยาบาลศาสตร์
945    ^p200^l0^i027977
945    ^p200^l0^i026989
945    ^p200^l0^i026988
945    ^p200^l0^i026987
945    ^p200^l0^i026044
945    ^p200^l0^i026042
945    ^p200^l0^i027976
945    ^p200^l0^i026043
995    ทศพร
999 ^a ใช้งานได้ทุกระบบ
รายการนี้ยังไม่มีแท็ก
คุณยังไม่ได้ล็อกอิน คุณสามารถมีกิจกรรมร่วมกับเว็บไซต์ได้ แต่ต้องล็อกอินก่อน ::
  ล็อกอิน

รายการสื่อสารสนเทศ

ลำดับที่ ประเภท เลขเรียก/บาร์โค้ด สถานที่ สถานะ
- ไม่พบข้อมูล -

รายการใกล้เคียง
    ผู้แต่ง [ฟองคำ ติลกสกุลชัย]

    หัวเรื่อง [การพยาบาล]
    หัวเรื่อง [การพยาบาลเวชปฏิบัติ]
    หัวเรื่อง [การพยาบาล, การบริการ]
    หัวเรื่อง [วิจัย]

BibComment


ยังไม่เคยถูกคอมเมนท์

คอมเมนท์ทรัพยากรรายการนี้
  คอมเมนท์: การปฏิบัติการพยาบ..


 Copyright 2026. Bcnsprnw @Library